[Event "Quebec-ch Senior"]
[Site "Montreal"]
[Date "2018.04.21"]
[Round "3.10"]
[White "Kozlov, Guennadi"]
[Black "Giroux, Gilbert"]
[Result "1-0"]
[WhiteElo "1680"]
[BlackElo "1305"]
[PlyCount "97"]
[EventDate "2018.04.20"]
[EventType "swiss"]
[EventRounds "5"]
[EventCountry "CAN"]
[SourceTitle "EXT 2022"]
[Source "ChessBase"]
[SourceDate "2021.10.06"]
[SourceVersion "1"]
[SourceVersionDate "2021.10.06"]
[SourceQuality "1"]

1. c4 Nf6 2. g3 g6 3. Bg2 Bg7 4. Nc3 c6 5. e3 0-0 6. Nge2 e5 7. 0-0 d6 8. d4 exd4 9. exd4 Re8 10. Bg5 h6 11. Bd2 Bg4 12. h3 Bf5 13. Be3 Ne4 14. g4 Nxc3 15. Nxc3 Bd7 16. Qd2 Kh7 17. Bf4 Qf6 18. Rad1 Na6 19. Ne4 Qe7 20. Nxd6 Red8 21. Rfe1 Qf8 22. Nxb7 Re8 23. Nd6 Re6 24. Rxe6 fxe6 25. Bg3 Nc7 26. Qa5 Ne8 27. Ne4 Nf6 28. Nc5 Rd8 29. Bc7 Re8 30. Nxd7 Nxd7 31. Bxc6 Qf7 32. Bg3 Rc8 33. Qa4 Nb6 34. Qb5 Rd8 35. d5 exd5 36. Bxd5 Qf6 37. b3 Nc8 38. Qa5 Rf8 39. Qd2 Nb6 40. Bg2 Rf7 41. Qc2 Bf8 42. c5 Nc8 43. c6 Bd6 44. Bxd6 Nxd6 45. Rd2 Nb5 46. Rd7 Nd4 47. Rxf7+ Qxf7 48. Qd3 Ne6 49. Bd5 1-0

[Event "Quebec-ch Senior"]
[Site "Montreal"]
[Date "2018.04.20"]
[Round "1.11"]
[White "Giroux, Gilbert"]
[Black "Lamoureux, Yvon"]
[Result "0-1"]
[WhiteElo "1305"]
[BlackElo "1698"]
[PlyCount "104"]
[EventDate "2018.04.20"]
[EventType "swiss"]
[EventRounds "5"]
[EventCountry "CAN"]
[SourceTitle "EXT 2022"]
[Source "ChessBase"]
[SourceDate "2021.10.06"]
[SourceVersion "1"]
[SourceVersionDate "2021.10.06"]
[SourceQuality "1"]

1. e4 e6 2. d4 d5 3. e5 c5 4. c3 cxd4 5. cxd4 Nc6 6. Nf3 Qb6 7. Nc3 f6 8. Qe2 fxe5 9. dxe5 Bb4 10. Bd2 Nge7 11. a3 Bxc3 12. bxc3 0-0 13. Qd3 Rf5 14. Be3 Qc7 15. Be2 Nxe5 16. Nxe5 Qxe5 17. 0-0 Bd7 18. Rfe1 a6 19. c4 Bc6 20. Bg4 dxc4 21. Qxc4 Bd5 22. Qb4 Rf7 23. Bd4 Qg5 24. Bh3 Nf5 25. Re5 Qf4 26. Bxf5 Rxf5 27. Rxf5 Qxf5 28. Qc3 Qg6 29. Qg3 Qxg3 30. hxg3 b5 31. Rc1 Bc4 32. f4 Rd8 33. Bb2 Kf7 34. Rc2 g6 35. Kf2 Rd3 36. Re2 Rxg3 37. Rd2 Rd3 38. Re2 Ke7 39. Ke1 h5 40. Kf2 Kd7 41. Ke1 Kc6 42. Kf2 Kb6 43. Rc2 Ka5 44. Kg1 Ka4 45. Rc1 a5 46. Rc3 Rd2 47. Bc1 Rd1+ 48. Kh2 Rxc1 49. Rxc1 Kxa3 50. Ra1+ Kb4 51. Kg3 a4 52. Kf2 a3 0-1

[Event "Montreal Pere Noel U1800"]
[Site "Montreal"]
[Date "2016.12.27"]
[Round "2.11"]
[White "Giroux, Gilbert"]
[Black "Hebert, Mario"]
[Result "1-0"]
[WhiteElo "1632"]
[BlackElo "1516"]
[PlyCount "91"]
[EventDate "2016.12.26"]
[EventType "swiss"]
[EventRounds "5"]
[EventCountry "CAN"]
[SourceTitle "EXT 2022"]
[Source "ChessBase"]
[SourceDate "2021.10.06"]
[SourceVersion "1"]
[SourceVersionDate "2021.10.06"]
[SourceQuality "1"]

1. e4 e6 2. d4 d5 3. e5 c5 4. c3 Qb6 5. Nf3 Bd7 6. Be2 cxd4 7. cxd4 Bb5 8. Nc3 Bxe2 9. Nxe2 Nc6 10. 0-0 Rc8 11. a3 Nge7 12. Ng3 Ng6 13. b4 Be7 14. Be3 0-0 15. Rc1 a5 16. bxa5 Nxa5 17. Rb1 Qa6 18. a4 Rc7 19. Rb5 Rfc8 20. Qb1 Nc4 21. Qb3 Nxe3 22. fxe3 Rc3 23. Qb2 Rxe3 24. Rc1 Rxc1+ 25. Qxc1 Ra3 26. Qc8+ Bf8 27. Qxb7 Qxb7 28. Rxb7 Rxa4 29. Ne2 Rc4 30. Ng5 Ne7 31. Nf3 h6 32. Kf2 g5 33. g4 Ng6 34. Nd2 Rc2 35. Ke3 Ra2 36. Nc1 Rc2 37. Ne2 Kg7 38. Nf1 Ba3 39. Nfg3 Nf4 40. Nxf4 gxf4+ 41. Kxf4 Bc1+ 42. Kf3 Rxh2 43. Nh5+ Kg6 44. Rb8 Kg5 45. Kg3 Rxh5 46. Rg8# 1-0

[Event "Quebec op U1600"]
[Site "Montreal"]
[Date "1988.07.31"]
[Round "8"]
[White "Giroux, Gilbert"]
[Black "Ouaknine, Joel"]
[Result "0-1"]
[WhiteElo "1456"]
[BlackElo "1584"]
[PlyCount "47"]
[EventDate "1988.07.24"]
[EventType "swiss"]
[EventRounds "8"]
[EventCountry "CAN"]
[SourceTitle "EXT 2022"]
[Source "ChessBase"]
[SourceDate "2021.10.06"]
[SourceVersion "1"]
[SourceVersionDate "2021.10.06"]
[SourceQuality "1"]

1. e4 c5 2. Nf3 e6 3. d4 cxd4 4. Nxd4 a6 5. Nc3 Qc7 6. Be3 Nf6 7. a3 b5 8. Bd3 Bb7 9. 0-0 Be7 10. Nce2 Bxe4 11. Bxe4 Nxe4 12. Ng3 Nf6 13. Rc1 d5 14. Re1 0-0 15. Qd2 Re8 16. Bg5 Nbd7 17. Re2 Nf8 18. Rce1 Rac8 19. Bxf6 Bxf6 20. Nh5 Be7 21. Re5 Bd6 22. Qg5 Bxe5 23. Rxe5 Ng6 24. Qg4 0-1

[Event "Quebec op U1600"]
[Site "Montreal"]
[Date "1988.07.30"]
[Round "7"]
[White "Nataf, Paul"]
[Black "Giroux, Gilbert"]
[Result "0-1"]
[WhiteElo "1562"]
[BlackElo "1456"]
[PlyCount "123"]
[EventDate "1988.07.24"]
[EventType "swiss"]
[EventRounds "8"]
[EventCountry "CAN"]
[SourceTitle "EXT 2022"]
[Source "ChessBase"]
[SourceDate "2021.10.06"]
[SourceVersion "1"]
[SourceVersionDate "2021.10.06"]
[SourceQuality "1"]

1. e4 c5 2. f4 a6 3. Nf3 Nc6 4. c4 e6 5. Nc3 d6 6. d4 cxd4 7. Nxd4 Bd7 8. Be3 Nf6 9. Be2 Nxd4 10. Bxd4 Bc6 11. Bf3 Be7 12. Qd2 0-0 13. g4 Rc8 14. g5 Nd7 15. Be3 f5 16. gxf6 Nxf6 17. Rg1 Ne8 18. Bd4 Bf6 19. Bxf6 Qxf6 20. Ne2 Qh4+ 21. Rg3 Qxh2 22. 0-0-0 Qf2 23. Qc3 Bxe4 24. Rdg1 Rf7 25. Bxe4 Qxe2 26. Bd3 Qf2 27. Rh1 Qxf4+ 28. Kb1 Nf6 29. Rf3 Ne4 30. Rxf4 Nxc3+ 31. bxc3 Rxf4 32. Bxh7+ Kf7 33. Bd3 e5 34. Re1 Rc5 35. Kb2 Kf6 36. Kb3 d5 37. cxd5 Rxd5 38. Be4 Rb5+ 39. Kc4 g5 40. Kd3 g4 41. Rg1 b6 42. Rg2 Rb1 43. Bb7 a5 44. Bc8 Kg5 45. Re2 Kf6 46. Rg2 Kg5 47. Re2 Rd1+ 48. Kc2 Rd5 49. Bb7 Rc5 50. Kd3 g3 51. Rb2 Rf6 52. Rg2 Kf4 53. Re2 Rd6+ 54. Kc2 Rd4 55. Re1 Rdc4 56. Rf1+ Kg5 57. Rf3 Rg4 58. Rf1 e4 59. Rg1 g2 60. Kd2 Kf4 61. Ba6 Rg6 62. Be2 0-1